000 00332nam a2200133Ia 4500
008 240624s9999 xx 000 0 und d
041 _aeng
082 _a340 DWI
100 _aDWIVEDI S L
245 _aBOMBAY LABOUR WELFARE FUNDS ACT
260 _c2007
_aBombay
_bLabour Law Agency
300 _a24 : p. : cm. ; 25
365 _cRS
_b15
999 _c5533
_d5533